000 00744nam a2200205Ia 4500
003 IN-BaIIA
008 211028s9999 xx 000 0 eng d
020 _a978-37650-0334-9
040 _cIIA Library
080 _a083.8:523.8
_bAPP-11
245 0 _aApparent places of fundamental stars 2011
_bfor 64 stars selected from the sixth catalogue of fundamental stars
_cedited by H. Lenhardt, E.K. Grebel, J. Wambsganss.
260 _aHeidelberg
_bAstronomisches Rechen-Institut
_c2010
300 _a39p.
650 _aAPFS(Apparent Places of Fundamental Stars)
_934265
650 _aCatalogue of Stars
_931781
700 _aGrebel, E. K., ed.
_927462
700 _aLenhardt, H., ed.
_931782
700 _aWambsganss, J., ed.
_931783
942 _cBK
999 _c17992
_d17992